| 000 | 00682nam a2200217Ia 4500 | ||
|---|---|---|---|
| 005 | 20221209112821.0 | ||
| 008 | 210716s2011 xx 000 0 und d | ||
| 020 | _a9788125937142 | ||
| 040 | _cAIMIT LIBRARY | ||
| 041 | _aeng | ||
| 082 |
_a658.15 _210 _bPANI |
||
| 100 |
_aPandey, I M. _965232 |
||
| 245 |
_aFinancial management / _cBy I M Pandey. |
||
| 250 | _a10th ed. | ||
| 260 |
_aNew Delhi : _bVikas Publishing House Pvt Ltd , _c2011. |
||
| 300 |
_axxiv,879p. ; _bPB _c27 cm. |
||
| 650 |
_aNature of financial management _965233 |
||
| 650 |
_aConcepts of value and return _965234 |
||
| 650 |
_aValuation of bonds and shares _965235 |
||
| 942 |
_2ddc _cBK _e10th _k658.15 PANI |
||
| 999 |
_c186937 _d186937 |
||